000 00260nam a2200133Ia 4500
100 _aGoverment of Maharashtra
650 _aGeneral
942 _cBK
245 _aproduction automation
260 _bnone
300 _a22
546 _aENGLISH
999 _c18156
_d18156